Normal view MARC view
  • Hong Kong (China) |x Description and travel

Entry Geographic Name

Number of records used in: 1

001 - CONTROL NUMBER

  • control field: 7979

003 - CONTROL NUMBER IDENTIFIER

  • control field: OSt

005 - DATE AND TIME OF LATEST TRANSACTION

  • control field: 20170525091612.0

008 - FIXED-LENGTH DATA ELEMENTS

  • fixed length control field: 170525|| aca||aabn | a|a d

040 ## - CATALOGING SOURCE

  • Original cataloging agency: OSt
  • Transcribing agency: OSt

151 ## - HEADING--GEOGRAPHIC NAME

  • Geographic name: Hong Kong (China) |x Description and travel
  • Form subdivision: Periodicals.
  • General subdivision: Description and travel

670 ## - SOURCE DATA FOUND

  • Source citation: Work cat.: (OSt): Hong Kong., [2001?]-
Pusat Sumber Maklumat Dato' Haji Sarmin Md Hussin, Akademi Kastam Diraja Malaysia, Melaka
Tel: 06-2331106 | Faks: 06-2313787